00213nam a22000857a 4500020001800000100002600018245004100044260003100085300001100116 a9780545069908 aMarcia Thornton Jones aSnow Monsters do drink hot chocolate aNew YorkbScholasticc2009 a64 pgs